Publication manual

Guardat en:
Dades bibliogràfiques
Autor corporatiu: American Psychological Association (Autor)
Format: Llibre
Idioma:anglès
Publicat: Washington, D.C American Psychological Association 2001
Edició:5a. ed
Matèries:
Etiquetes: Afegir etiqueta
Sense etiquetes, Sigues el primer a etiquetar aquest registre!

MARC

LEADER 00000nam a2200000 a 4500
001 UCK4491
003 CL-VaPUC
008 050610e20010000US |||||||||||||||||eng|d
020 |a 1557987904 
082 0 4 |a 808.06615  |b AME  |2 21 
110 2 |a American Psychological Association  |e author  |9 492997 
245 1 0 |a Publication manual 
250 |a 5a. ed 
300 |a 439 p 
942 |c BK 
945 |d 20050610 00:00:00  |a cmena 
260 |a Washington, D.C  |b American Psychological Association  |c 2001 
650 7 |a PUBLICACIONES  |2 CL-VaPUC  |9 396094 
650 0 |a Manuales  |9 257144 
650 0 |a Psicología   |9 257863 
650 0 |a Investigación científica  |9 259857 
650 0 |a Técnicas de redacción   |9 460283 
583 |a last modification  |c 20050610 00:00:00  |k Rodrigo Vera 
999 |c 313324  |d 313322 
952 |0 0  |1 0  |4 0  |6 808_066150000000000_AME_2001  |7 0  |8 A  |9 384598  |a FDOPOS  |b FDOPOS  |d 2019-11-22  |i 4137507  |o 808.06615 AME 2001  |p 4137507  |r 2025-01-22  |w 2019-11-22  |y BK  |k MLA